00523 2200193 4500001002100000008004100021035002000062245009200082100001800174250000600192260003700198300001200235020002200247084001400269082000800283650001400291990001200305990001200317INLIS000000000001155 ind  a0010-0524000390 aGus Dur; Jatuh Dari Kursi Presiden dan Keberpihakan Media MassacProf. Dr. Aom Karomani aKaromani, Aom a1 aJakarta :bKompas Gramediac2020 a165 hlm a978-623-00-2180-0 a900 AOM g a900 aNon Fiksi a0744776 a0744777